| 000 | 00960cam a2200229 i 4500 | ||
|---|---|---|---|
| 003 | SA-RiAUC | ||
| 005 | 20251119142259.0 | ||
| 008 | 251005s1967 ua g b 00010 ara c | ||
| 040 |
_aSA-RiAUC _bara _cSA-RiAUC _erda |
||
| 082 | 0 | 4 |
_a011.31 _qSA-RiAUC |
| 090 |
_a011.31 _bد ا ر |
||
| 110 | 2 |
_aدار الكتب والوثائق القومية (القاهرة) _eمؤلف. |
|
| 245 | 1 | 0 |
_aقائمة بالمخطوطات العربية المصورة بالميكروفلم من الجمهورية العربية اليمنية / _cدار الكتب والوثائق القومية. |
| 264 | 1 |
_aالقاهرة : _bدار الكتب، _c1967 |
|
| 300 |
_a57 صفحة ؛ _c25 سم |
||
| 336 |
_aنص _btxt _2rdacontent _3كتاب |
||
| 337 |
_aبدون وسيط _bn _2rdamedia |
||
| 338 |
_aمجلد _bnc _2rdacarrier |
||
| 650 | 7 |
_aالمخطوطات _vببليوجرافيات _2aucsh |
|
| 942 |
_2ddc _cBOOK _n0 |
||
| 949 |
_aSA-JeALM _d251005 _umohamedma123 _n1 |
||
| 999 |
_c13365 _d13365 |
||